| 000 | 00681nam a2200229 i 4500 | ||
|---|---|---|---|
| 001 | 000032130 | ||
| 003 | DO-SdBNP | ||
| 005 | 20230915083752.0 | ||
| 007 | ta | ||
| 008 | 110712s1979 mx 000 0 spa d | ||
| 040 |
_aDO-SdBNP _bspa _cBNPHU _erda |
||
| 082 |
_bG943, 1979 _222 |
||
| 245 | 1 | 3 |
_aGuía al curso de religión de segundo año de primaria / _cHna. Virginia Laporte O:S:U |
| 264 |
_aSanto Domingo _bVisión , _c1979 |
||
| 300 |
_a166 paginas. : _bilustraciones _c24 cm. |
||
| 336 |
_2rdacontent _atexto _btxt |
||
| 337 |
_2rdamedia _asin mediación _bn |
||
| 338 |
_2rdacarrier _avolumen _bnc |
||
| 590 | _aInventariado, 2023 / DG | ||
| 910 | _aDG | ||
| 942 |
_2ddc _cLBS1 |
||
| 999 |
_c54766 _d54766 |
||